| 000 | 00571nam a2200181 i 4500 | ||
|---|---|---|---|
| 001 | 40348 | ||
| 003 | ES-MaACL | ||
| 007 | t| | ||
| 008 | 030305s1984 sp ||||1| spa d | ||
| 100 | 1 |
_aCarrascosa López, Valentín. _935581 |
|
| 245 | 1 | 0 |
_aNotas prácticas aplicables a los juzgados de distrito y de paz / _cValentín Carrascosa López. |
| 250 | _a5ª ed. | ||
| 260 |
_aMérida : _b[s.n., _c1984] ( _fArtes Gráficas Boysu) |
||
| 300 |
_a251 p. ; _c21 cm. |
||
| 852 |
_aES-MaACL _jL-7665 _bR.106790 |
||
| 852 |
_aES-MaACL _jL-9643 _bR.108999 |
||
| 999 |
_c40348 _d40348 |
||